| 000 | 00362nam a2200145Ia 4500 | ||
|---|---|---|---|
| 008 | 161220s9999 xx 000 0 und d | ||
| 040 | _aPK-NaQUE | ||
| 100 | _a98CE108 | ||
| 100 | _aKifaatullah Bangash | ||
| 245 | 0 | _aDesign Of RCC Deck Girder Bridge | |
| 260 | _aNawabshah | ||
| 260 | _bQUEST | ||
| 260 | _c1998 | ||
| 700 | _aDepartment Of Civil Engineering | ||
| 999 |
_c56985 _d56982 |
||